The American Bankruptcy Law Journal

Detalles Bibliográficos
Formato: Revista
Lenguaje:inglés
Publicado: Irmo, SC : National Conference of Bankruptcy Judges, 1927-
Materias:
Acceso en línea:http://www.vlex.com/source/7149

MARC

LEADER 00000nas a22000007a 4500
005 20130312163215.0
007 cr|||| ||||
008 130312c19279999xxuqr|p s|||| 0|||a1eng d
022 |a 279048  
035 |a 7149 
040 |a vLex 
090 |c 3901  |d 3901 
245 0 4 |a The American Bankruptcy Law Journal  |h [Recurso electrn̤ico]  
256 |a Servicio en ln̕ea 
260 |a Irmo, SC :   |b National Conference of Bankruptcy Judges,   |c 1927- 
300 |a 1 Recurso electrn̤ico 
506 |d vLex Global  |d vLex Global (Academic Edition, excluding Law Schools)  |d vLex Global (U.S. Academic Edition, Law Schools)  |d vLex Global (U.S. Academic Edition, excluding Law Schools)  |d vLex Global (Academic Edition, Law Schools) 
650 0 4 |a Derecho laboral  |v Revistas 
740 |a vlex Revistas (Servicio en ln̕ea) 
856 |a Acceso restringido  |u http://www.vlex.com/source/7149 
942 |c REV 
999 0 |a Labor law and legislation